[Event "Memorial Jose Marca (open)"]
[Site "masterchessopen.com - Lima (Peru)"]
[Date "2008.01.22"]
[Round "9"]
[White "Garcia Javier (PER)"]
[Black "Castaneda Carlos (PER)"]
[Result "1-0"]
[WhiteElo "2288"]
[BlackElo "2199"]

1.d4 Nf6 2.c4 c5 3.d5 e6 4.Nc3 exd5 5.cxd5 g6 6.e4 d6 7.Nf3 Bg7 8.Be2 O-O
9.O-O Re8 10.Nd2 Na6 11.f3 Nc7 12.a4 b6 13.Nc4 Ba6 14.Bg5 h6 15.Bh4 g5 16.Bf2
Bxc4 17.Bxc4 Nd7 18.Re1 a6 19.Qd2 Rb8 20.Nd1 Qf6 21.Ra2 b5 22.axb5 axb5 23.Be2
Ra8 24.Rxa8 Rxa8 25.b3 Qg6 26.Ne3 Bd4 27.Nf5 Bxf2+ 28.Kxf2 Qf6 29.h4 Nf8
30.Rh1 Ra3 31.hxg5 hxg5 32.Rh5 Rxb3 33.Rxg5+ Ng6 34.e5 dxe5 35.Nh6+ Kf8 36.d6
Ne6 37.d7 e4 38.Qd6+ Qe7 39.Rf5 e3+ 40.Kg1 Rb1+ 41.Bf1 Kg7 42.Qxe7 Nxe7
43.Rxf7+ {#r} 1-0

[Event "It (open)"]
[Site "masterchessopen.com - Livigno (Italy)"]
[Date "2011.09.16"]
[Round "7"]
[White "Naumkin Igor (RUS)"]
[Black "Marholev Dimitar (BUL)"]
[Result "0-1"]
[WhiteElo "2486"]
[BlackElo "2377"]

1.d4 Nf6 2.c4 g6 3.Nc3 Bg7 4.e4 d6 5.Nf3 O-O 6.Be2 c5 7.d5 e6 8.O-O exd5
9.cxd5 Re8 10.Nd2 Na6 11.f3 Nc7 12.a4 b6 13.Nc4 Ba6 14.Bg5 h6 15.Bh4 Qd7
16.Qd2 Kh7 17.Bg3 Bxc4 18.Bxc4 a6 19.Kh1 b5 20.axb5 axb5 21.Rxa8 Rxa8 22.Be2
b4 23.Nd1 Nh5 24.Bf2 Nb5 25.f4 Nf6 26.Bf3 Ng4 27.Bg1 Nd4 28.h3 Nxf3 29.Rxf3
Nf6 30.Qc2 Re8 31.Nf2 Qe7 32.e5 dxe5 33.fxe5 Qxe5 34.Nd3 Qxd5 35.Bxc5 Rc8 {#R}
0-1

[Event "It (open)"]
[Site "masterchessopen.com - Ljubljana (Slovenia)"]
[Date "2004.07.10"]
[Round "1"]
[White "Kozul Zdenko (CRO)"]
[Black "Jeran Bostjan (SLO)"]
[Result "1-0"]
[WhiteElo "2640"]
[BlackElo "2033"]

1.d4 Nf6 2.Nf3 g6 3.c4 c5 4.d5 d6 5.Nc3 Bg7 6.e4 O-O 7.Be2 e6 8.O-O exd5
9.cxd5 Re8 10.Nd2 Na6 11.f3 Nc7 12.a4 b6 13.Nc4 Ba6 14.Bg5 Qd7 15.Qd2 Rab8
16.Rfe1 Bxc4 17.Bxc4 a6 18.Bf1 Rb7 19.Kh1 h5 20.e5 Nh7 21.exd6 Rxe1 22.Rxe1
Bxc3 23.bxc3 Qxd6 24.Bf4 Qxd5 25.Re8+ Kg7 26.Bh6+ Kf6 27.Qf4+ Qf5 28.Qd6+ {#r}
1-0

[Event "Memorial Makarczyk"]
[Site "masterchessopen.com - Lodz (Poland)"]
[Round "3"]
[White "Kojder Konrad (POL)"]
[Black "Rogulj Branko (CRO)"]
[Result "1-0"]
[WhiteElo "2430"]
[BlackElo "2460"]

1.d4 Nf6 2.Nf3 c5 3.d5 g6 4.c4 d6 5.Nc3 Bg7 6.e4 O-O 7.Be2 e6 8.O-O exd5
9.cxd5 Re8 10.Nd2 Na6 11.f3 Nc7 12.a4 b6 13.Kh1 Rb8 14.Nc4 Ba6 15.Bg5 Qd7
16.Rb1 Bxc4 17.Bxc4 a6 18.b4 b5 19.Bd3 c4 20.Bc2 bxa4 21.Bxa4 Nb5 22.Qd2 Qb7
23.Bxb5 axb5 24.Bf4 Qe7 25.Bg5 Qd7 26.Be3 Ra8 27.Ra1 Qb7 28.Bd4 Ra6 29.Rae1
Nh5 30.Bxg7 Nxg7 31.f4 Qd7 32.e5 f5 33.exf6 Nh5 34.f5 Rxe1 35.Qxe1 gxf5 36.Qh4
Qf7 37.Nxb5 Nxf6 38.Nxd6 Rxd6 39.Qg3+ Qg6 40.Qxd6 Kg7 41.Qc7+ Kh6 42.Qxc4 Ne4
43.Qd3 Qb6 44.Qh3+ Kg7 45.Qxf5 {#r} 1-0

[Event "Memorial Makarczyk"]
[Site "masterchessopen.com - Lodz (Poland)"]
[Round "0"]
[White "Schmidt Wlodzimierz (POL)"]
[Black "Rogulj Branko (CRO)"]
[Result "1-0"]
[WhiteElo "2430"]
[BlackElo "2460"]

1.d4 Nf6 2.c4 c5 3.d5 g6 4.Nc3 d6 5.e4 Bg7 6.Be2 O-O 7.Nf3 e6 8.O-O exd5
9.cxd5 Re8 10.Nd2 Na6 11.f3 Nc7 12.a4 b6 13.Kh1 Rb8 14.Nc4 Ba6 15.Bg5 Qd7
16.Rb1 Bxc4 17.Bxc4 a6 18.b4 b5 19.Bd3 h6 20.Bh4 cxb4 21.Rxb4 Ng4 22.Qd2 Ne5
23.Be2 g5 24.Bf2 bxa4 25.Nxa4 f5 26.Nb6 Qf7 27.exf5 Qxf5 28.f4 gxf4 29.Rxf4
Qg6 30.Bg1 Rf8 31.Rc1 Rxf4 32.Qxf4 Rf8 33.Qh4 Bf6 34.Qb4 Bd8 35.Nc8 Nxd5
36.Qb3 Qe6 37.Bxa6 Bg5 38.Rd1 Nc7 39.Qxe6+ Nxe6 40.Nxd6 Ra8 41.Bb7 Rd8 42.Bb6
Rb8 43.Ba7 Rd8 44.Bc8 Ng7 45.Bb6 Rf8 46.Bh3 Be7 47.g3 h5 48.Ne4 h4 49.Bc7 Nf7
50.Rd7 Re8 51.Bf1 hxg3 52.Bc4 g2+ 53.Kxg2 Kf8 54.Nf6 Nf5 55.Bxf7 Kxf7 56.Nxe8
Kxe8 57.Rd3 Kf7 58.Kf3 Kg6 {#r} 1-0

[Event "It"]
[Site "masterchessopen.com - Lone Pine (USA)"]
[Round "0"]
[White "Ermenkov Evgenij (PLE)"]
[Black "Gheorghiu Florin (ROM)"]
[Result "1-0"]
[WhiteElo "2495"]
[BlackElo "2605"]

1.d4 Nf6 2.Nf3 c5 3.d5 g6 4.c4 Bg7 5.Nc3 d6 6.e4 O-O 7.Be2 e6 8.O-O exd5
9.cxd5 Re8 10.Nd2 Na6 11.f3 Nc7 12.a4 b6 13.Nc4 Ba6 14.Bg5 h6 15.Be3 Bxc4
16.Bxc4 a6 17.Kh1 Qd7 18.Qd3 Kh7 19.Rab1 Reb8 20.b4 b5 21.Ba2 cxb4 22.Rxb4 a5
23.Rxb5 Nxb5 24.Nxb5 Ne8 25.f4 Nc7 26.Bc4 Na6 27.Bd4 Nb4 28.Qc3 f5 29.Bxg7
Qxg7 30.e5 dxe5 31.fxe5 Re8 32.Re1 Rad8 33.e6 Qxc3 34.Nxc3 Kg7 35.Nb5 Nxd5
36.Bxd5 Rxd5 37.Nc7 Rdd8 38.Nxe8+ Rxe8 39.Re5 Kf6 40.Rxa5 Rxe6 41.Kg1 Re2
42.Rb5 Ra2 43.Rb4 Kg5 44.g3 {#r} 1-0

[Event "It"]
[Site "masterchessopen.com - Loures (Portugal)"]
[Round "10"]
[White "Blalock Rex (USA)"]
[Black "Vassallo Mauricio (ESP)"]
[Result "0-1"]
[WhiteElo "2150"]
[BlackElo "2391"]

1.d4 c5 2.d5 Nf6 3.c4 g6 4.Nc3 Bg7 5.Nf3 O-O 6.e4 d6 7.Be2 e6 8.O-O exd5
9.cxd5 Re8 10.Nd2 Na6 11.f3 Nc7 12.a4 b6 13.Nc4 Ba6 14.Bf4 Bxc4 15.Bxc4 a6
16.Bg5 h6 17.Bh4 Qd7 18.Qd3 Nh5 19.Bf2 Nf4 20.Qd2 g5 21.Rfe1 b5 22.Bf1 bxa4
23.Nxa4 Reb8 24.Ra2 Rb4 25.Rea1 Rab8 26.Nc3 R8b6 27.Be3 Ng6 28.Na4 Rb8 29.Nc3
Ne5 30.h4 gxh4 31.Bxh6 Bf6 32.Nd1 Kh7 33.Ra3 Rg8 34.Bf4 Qe7 35.Nf2 Rxb2 36.Qc1
Rg6 37.Nh3 Nb5 38.Re3 c4 39.Kh1 Nd3 40.Qxc4 Rb4 41.Qxd3 Bxa1 42.Re1 Be5
43.Bxe5 dxe5 44.Rc1 a5 45.Qc2 Nd4 46.Qc8 Rb7 47.Qa8 Ra7 48.Qb8 Rb7 49.Qa8 Rc7
50.Rb1 Rg8 51.Qxa5 Qc5 52.Qe1 Rg3 53.f4 Rxh3+ {#R} 0-1

[Event "It"]
[Site "masterchessopen.com - Lucerne (Switzerland)"]
[Round "0"]
[White "Huss Andreas (SUI)"]
[Black "Wahls Matthias (GER)"]
[Result "0-1"]
[WhiteElo "2308"]
[BlackElo "2515"]

1.d4 Nf6 2.Nf3 c5 3.d5 g6 4.c4 Bg7 5.Nc3 O-O 6.e4 d6 7.Be2 e6 8.O-O Na6 9.Nd2
exd5 10.cxd5 Re8 11.f3 Nc7 12.a4 b6 13.Nc4 Ba6 14.Bg5 Qd7 15.Kh1 Rab8 16.b3
Nh5 17.Rc1 f6 18.Bd2 f5 19.exf5 gxf5 20.f4 Nf6 21.Bf3 Bb7 22.Be1 Ba8 23.Qd3
Rf8 24.Ne3 Nfe8 25.Ne2 Bb7 26.Bh4 Ba6 27.Qc2 b5 28.a5 b4 29.Rfe1 Nb5 30.Qd3
Nec7 31.Nc4 Bf6 32.Bxf6 Rxf6 33.Ng3 Nd4 34.Nh5 Rh6 35.Qe3 Qf7 36.Ng3 Bb7
37.Qe7 Nxd5 38.Qxf7+ Kxf7 39.a6 Ba8 40.Bh5+ Kf8 41.Ne3 Nxf4 42.Bd1 Nd3
43.Nexf5 Nxf5 44.Nxf5 Rf6 45.Bc2 Nxe1 46.Rxe1 Re8 47.Rxe8+ Kxe8 {#R} 0-1

[Event "Ch URS"]
[Site "masterchessopen.com - Lvov (Ukraine)"]
[Round "0"]
[White "Chekhov Valery A (RUS)"]
[Black "Psakhis Lev (ISR)"]
[Result "1-0"]
[WhiteElo "2520"]
[BlackElo "2565"]

1.d4 e6 2.c4 Nf6 3.Nc3 c5 4.d5 exd5 5.cxd5 d6 6.Nf3 g6 7.Nd2 Bg7 8.e4 O-O
9.Be2 Na6 10.O-O Re8 11.f3 Nc7 12.a4 b6 13.Nc4 Ba6 14.Bg5 h6 15.Be3 Qe7 16.Qd2
g5 17.h4 gxh4 18.Bxh6 Nh5 19.Bxg7 Kxg7 20.Ne3 Bc8 21.Bd3 Ng3 22.Rf2 Bd7 23.Re1
Rh8 24.Nf1 Rag8 25.f4 Kf8 26.Qe3 f5 27.e5 Rh6 28.Rf3 Rhg6 29.Nxg3 Rxg3 30.Bf1
Be8 31.exd6 Qxd6 32.Rxg3 hxg3 33.Qe5 Qxe5 34.Rxe5 Bd7 35.d6 Ne8 36.Bb5 Rg7
37.Bxd7 Rxd7 38.Rxf5+ Kg7 39.Ne4 Nxd6 40.Rd5 Re7 41.Nxg3 {#r} 1-0

[Event "Ch Ukraine (juniors) (under 20)"]
[Site "masterchessopen.com - Lvov (Ukraine)"]
[Date "2005.04.24"]
[Round "6"]
[White "Grinev Valeriy (UKR)"]
[Black "Truskavetsky Alexandr (UKR)"]
[Result "0-1"]
[WhiteElo "2258"]
[BlackElo "2409"]

1.d4 Nf6 2.c4 c5 3.d5 e6 4.Nc3 exd5 5.cxd5 d6 6.e4 g6 7.Be2 Bg7 8.Nf3 O-O
9.O-O Re8 10.Nd2 Na6 11.f3 Nc7 12.a4 b6 13.Kh1 Rb8 14.Nc4 Ba6 15.Bf4 Bxc4
16.Bxc4 Nh5 17.Bd2 f5 18.exf5 Qh4 19.g4 Ng3+ 20.Kg2 Nxf1 21.Bxf1 gxf5 22.h3
fxg4 23.fxg4 Kh8 24.Bd3 Bd4 25.Ne4 Nxd5 26.Qb3 Rxe4 27.Bxe4 Qf2+ 28.Kh1 Be5
29.Bg2 Nf4 30.Be4 Ne2 {#R} 0-1

[Event "It"]
[Site "masterchessopen.com - Manila (Philippines)"]
[Round "5"]
[White "Gligoric Svetozar (SRB)"]
[Black "Lobigas Julian (PHI)"]
[Result "1-0"]
[WhiteElo "2447"]
[BlackElo "2325"]

1.d4 Nf6 2.c4 c5 3.d5 g6 4.Nc3 Bg7 5.e4 d6 6.Nf3 O-O 7.Be2 e6 8.O-O exd5
9.cxd5 Re8 10.Nd2 Na6 11.f3 Nc7 12.a4 b6 13.Nc4 Ba6 14.Rb1 Bxc4 15.Bxc4 Nd7
16.Nb5 Ne5 17.Nxc7 Qxc7 18.Bb5 Nd7 19.Bd2 a6 20.Bc6 Rab8 21.Bc3 Re7 22.Bxg7
Kxg7 23.b4 Ne5 24.b5 a5 25.Qd2 f6 26.Rbe1 Rf8 27.f4 Nf7 28.Qc3 Qc8 29.Re3 Qg4
30.Qe1 g5 31.Rg3 Qh4 32.Qe2 h5 33.Qd3 g4 34.Re3 Rd8 35.Qc3 Rf8 36.Rfe1 Rd8
37.g3 Qh3 38.e5 fxe5 39.fxe5 dxe5 40.d6 Rxd6 {#r} 1-0

[Event "It"]
[Site "masterchessopen.com - Manila (Philippines)"]
[Round "14"]
[White "Lim Kok Ann Dr (SIN)"]
[Black "Lobigas Julian (PHI)"]
[Result "0-1"]
[WhiteElo "2038"]
[BlackElo "2325"]

1.d4 Nf6 2.c4 c5 3.d5 g6 4.Nc3 Bg7 5.Nf3 O-O 6.e4 d6 7.Be2 e6 8.O-O exd5
9.cxd5 Re8 10.Nd2 Na6 11.f3 Nc7 12.a4 Nd7 13.Nc4 Ne5 14.Ne3 f5 15.f4 Nf7
16.exf5 Bd4 17.fxg6 hxg6 18.Rf3 Qh4 19.Kh1 Nh6 20.Bd2 Bg4 21.Rg3 Bxe2 22.Qxe2
Bxe3 23.Bxe3 Nf5 24.Rh3 Qf6 25.Qf2 Re7 26.Re1 Rae8 27.Kg1 Na6 28.g4 Nd4 29.f5
Nb4 30.Rh6 Nd3 31.Qg3 Nxe1 32.Rxg6+ Qxg6 33.fxg6 Nef3+ 34.Kf2 Ne5 35.Bg5 Rf8+
36.Kg2 Rg7 37.Ne4 Rxg6 38.h4 Rf7 39.Nf6+ Rfxf6 40.Bxf6 Rxg4 41.Kh3 Rxg3+
42.Kxg3 Nf7 43.b4 Nb3 44.Bc3 c4 45.Kf4 Nc1 46.Ke3 Na2 47.Bd4 Nxb4 48.Bxa7 Ne5
49.Kd4 c3 50.Kxc3 Nxd5+ 51.Kd4 Nf6 52.Bb6 Kf7 {#R} 0-1

[Event "?"]
[Site "masterchessopen.com - Manzanillo (Cuba)"]
[Round "0"]
[White "Rodriguez Amador (ESP)"]
[Black "Estevez Guillermo (CUB)"]
[Result "1-0"]
[WhiteElo "2475"]
[BlackElo "2395"]

1.d4 Nf6 2.c4 e6 3.Nf3 c5 4.d5 exd5 5.cxd5 g6 6.Nc3 Bg7 7.e4 O-O 8.Be2 d6
9.Nd2 Re8 10.O-O Na6 11.f3 Nc7 12.a4 b6 13.Nc4 Ba6 14.Bg5 h6 15.Bh4 Qd7 16.Rb1
Rab8 17.Qd2 Bxc4 18.Bxc4 a6 19.b4 b5 20.axb5 Nxb5 21.Bxb5 axb5 22.Bf2 Rec8
23.Rb3 Nh5 24.Rfb1 c4 25.Ra3 Ra8 26.Rba1 Rxa3 27.Rxa3 Qe8 28.Bd4 Bxd4+ 29.Qxd4
Nf4 30.Ra5 Ra8 31.g3 Nd3 32.Rxb5 Ra1+ 33.Kg2 Rc1 34.Ra5 Rc2+ 35.Kg1 Qe5 36.Nb5
Ne1 37.Ra3 Qxd4+ 38.Nxd4 Rc1 39.Kf2 Nd3+ 40.Ke2 Nxb4 41.Kd2 Rh1 42.Kc3 Nd3
43.Nb5 Rxh2 44.Nxd6 Rf2 45.f4 Rf3 46.Ra8+ Kg7 47.Kxc4 Rxg3 48.e5 Nxf4 49.Ne8+
{#r} 1-0

[Event "It (open)"]
[Site "masterchessopen.com - Mar del Plata (Argentina)"]
[Round "5"]
[White "Emma Jaime (ARG)"]
[Black "Silva Nazzari Roberto (URU)"]
[Result "1-0"]
[WhiteElo "2395"]
[BlackElo "2173"]

1.d4 Nf6 2.c4 g6 3.Nc3 Bg7 4.e4 d6 5.Be2 O-O 6.Nf3 c5 7.d5 e6 8.O-O exd5
9.cxd5 Re8 10.Nd2 Na6 11.f3 Nc7 12.a4 b6 13.a5 Rb8 14.axb6 axb6 15.Nb5 Nxb5
16.Bxb5 Bd7 17.Qb3 Bxb5 18.Qxb5 Qd7 19.Qxd7 Nxd7 20.Nc4 Be5 21.Ra7 Red8
22.Nxe5 Nxe5 23.Bg5 Rd7 24.Rxd7 Nxd7 25.Be7 Ra8 26.Bxd6 Ra2 27.Rb1 Ra4 28.b4
c4 29.b5 c3 30.Rc1 Rc4 31.Kf2 c2 32.Ke3 Nc5 33.Bxc5 Rxc5 34.Kd3 Kf8 35.Rxc2
Rxb5 36.Kd4 Ke7 37.Rc7+ Kf8 38.Ke5 Kg7 39.Rc2 {#r} 1-0

[Event "It (open)"]
[Site "masterchessopen.com - Mar del Plata (Argentina)"]
[Round "7"]
[White "Rubinetti Jorge (ARG)"]
[Black "Link Hugo E (ARG)"]
[Result "1-0"]
[WhiteElo "2410"]
[BlackElo "2275"]

1.d4 Nf6 2.c4 c5 3.d5 e6 4.Nc3 exd5 5.cxd5 d6 6.e4 g6 7.Nf3 Bg7 8.Be2 O-O
9.O-O Re8 10.Nd2 Na6 11.f3 Nc7 12.a4 b6 13.Nc4 Ba6 14.Bg5 h6 15.Be3 Kh7 16.Qd2
Qe7 17.Rae1 Bxc4 18.Bxc4 Qd7 19.Rb1 a6 20.b4 Ng8 21.Kh1 Rab8 22.b5 a5 23.Rbe1
Ne7 24.Qd3 Kg8 25.Bd2 Rbd8 26.f4 Nc8 27.Qf3 Kh7 28.h3 f5 29.exf5 gxf5 30.Bd3
Kg8 31.Nd1 Rxe1 32.Rxe1 Qf7 33.Bc4 Ne7 34.Bc3 Bf6 35.Bxf6 Qxf6 36.Qc3 Kf7
37.Qxf6+ Kxf6 38.Ne3 h5 39.g3 Rg8 40.Kg2 Ng6 41.Kf3 Ne7 42.g4 hxg4+ 43.hxg4
fxg4+ 44.Nxg4+ Kf7 45.Nh6+ {#r} 1-0

[Event "It (open)"]
[Site "masterchessopen.com - Mar del Plata (Argentina)"]
[Date "2008.03.21"]
[Round "8"]
[White "Acosta Mariano (ARG)"]
[Black "Meza Hugo (ARG)"]
[Result "0-1"]
[WhiteElo "2002"]
[BlackElo "2317"]

1.Nf3 Nf6 2.d4 c5 3.d5 e6 4.c4 exd5 5.cxd5 d6 6.Nc3 g6 7.e4 Bg7 8.Be2 O-O
9.O-O Re8 10.Nd2 Na6 11.f3 Nc7 12.Qb3 Rb8 13.a4 b6 14.Bb5 Re7 15.Nc4 a6 16.Bc6
b5 17.axb5 axb5 18.Na5 Ba6 19.Re1 Nh5 20.Be3 f5 21.exf5 Rxe3 22.Rxe3 Bd4
23.Re1 Qg5 24.Nd1 gxf5 25.Nf2 Kh8 26.Re8+ Nxe8 27.Bxe8 Qd2 {#R} 0-1

[Event "Ch Belarus"]
[Site "masterchessopen.com - Minsk (Belarus)"]
[Round "0"]
[White "Dydyshko Viacheslav (BLR)"]
[Black "Kapengut Albert Z (USA)"]
[Result "1-0"]
[WhiteElo "2450"]
[BlackElo "2402"]

1.d4 Nf6 2.c4 c5 3.d5 e6 4.Nc3 exd5 5.cxd5 d6 6.Nf3 g6 7.Nd2 Bg7 8.e4 O-O
9.Be2 Re8 10.O-O Na6 11.f3 Nc7 12.a4 b6 13.Nc4 Ba6 14.Bg5 h6 15.Be3 Qe7 16.Qd2
Kh7 17.Rae1 Nd7 18.Bf2 Bxc4 19.Bxc4 Ne5 20.Be2 Qd7 21.Bg3 Rad8 22.f4 Ng4 23.h3
Bd4+ 24.Kh1 Nf6 25.Bf3 Ng8 26.Bh4 f6 27.Ne2 Qxa4 28.Ra1 Qb5 29.Nxd4 cxd4
30.Qxd4 g5 31.Bg3 Re7 32.Bg4 Ne8 33.Be6 Rg7 34.Rf3 Rb8 35.Raf1 Rbb7 36.Kh2
Rbc7 37.fxg5 hxg5 38.Be1 Rc1 39.Kg1 Rc4 40.Qd3 Rc5 41.Qb1 Kh8 42.Bc3 a5 43.Qd1
Rcc7 44.Rg3 Qc5+ 45.Kh2 {#r} 1-0

[Event "Ch Belarus"]
[Site "masterchessopen.com - Minsk (Belarus)"]
[Round "7"]
[White "Surma Dmitry (BLR)"]
[Black "Kovalev Andrei (BLR)"]
[Result "0-1"]
[WhiteElo "2383"]
[BlackElo "2575"]

1.d4 Nf6 2.c4 c5 3.d5 g6 4.Nc3 Bg7 5.e4 d6 6.Nf3 O-O 7.Be2 e6 8.O-O exd5
9.cxd5 Re8 10.Nd2 Na6 11.f3 Nc7 12.a4 b6 13.Ra3 Rb8 14.Nb5 a6 15.Na7 Bb7
16.Nc4 Nfxd5 17.exd5 Nxd5 18.Rd3 Bd4+ 19.Rxd4 cxd4 20.Rf2 Qf6 21.Qb3 Ba8 22.h4
Nf4 23.Bf1 Re7 24.Nxb6 Rxa7 25.a5 Qxh4 26.Qc4 Qg3 27.Bxf4 Qxf4 28.Re2 Qf6
29.b4 h5 30.Rd2 Bxf3 31.Rxd4 Ba8 32.Nc8 Rc7 33.Qxc7 Qxd4+ 34.Kh2 Qe5+ 35.Kg1
Rxb4 36.Qd8+ Kh7 {#R} 0-1

[Event "It (cat.10)"]
[Site "masterchessopen.com - Munich (Germany)"]
[Round "1"]
[White "Van Der Sterren Paul (NED)"]
[Black "Wahls Matthias (GER)"]
[Result "1-0"]
[WhiteElo "2515"]
[BlackElo "2515"]

1.d4 Nf6 2.c4 e6 3.Nf3 c5 4.d5 exd5 5.cxd5 d6 6.Nc3 g6 7.Nd2 Bg7 8.e4 O-O
9.Be2 Re8 10.O-O Na6 11.f3 Nc7 12.a4 b6 13.Kh1 Rb8 14.Nc4 Ba6 15.Bg5 Qd7
16.Re1 Kh8 17.Qd2 Ng8 18.Bf4 Bxc4 19.Bxc4 a6 20.Bf1 Rb7 21.Rab1 b5 22.b4 c4
23.a5 Rbb8 24.g4 Rf8 25.Ne2 Ne8 26.Nd4 Ne7 27.Rbc1 Nf6 28.Bh6 Bxh6 29.Qxh6
Rbc8 30.Qh4 Nfg8 31.Rc3 Qa7 32.Rd1 Kg7 33.g5 f5 34.Ne6+ Kh8 35.Qg3 Qd7 36.Qg1
{#r} 1-0

[Event "Cup Giorgio Porreca (open)"]
[Site "masterchessopen.com - Napoli (Italy)"]
[Date "2011.10.20"]
[Round "5"]
[White "Rosato Luciano (ITA)"]
[Black "Capone Vincenzo (ITA)"]
[Result "1-0"]
[WhiteElo "2251"]
[BlackElo "2176"]

1.d4 Nf6 2.Nf3 g6 3.c4 Bg7 4.Nc3 d6 5.e4 O-O 6.Be2 c5 7.d5 e6 8.O-O exd5
9.cxd5 Re8 10.Nd2 Na6 11.f3 Rb8 12.a4 Nh5 13.Nc4 Bd4+ 14.Kh1 Nc7 15.g4 Ng7
16.Bf4 Be5 17.Nxe5 dxe5 18.Be3 Qd6 19.Nb5 Nxb5 20.Bxb5 Rf8 21.b4 cxb4 22.Bxa7
Ra8 23.Be3 Bd7 24.Bxd7 Qxd7 25.Bc5 Rfc8 26.Bxb4 h5 27.h3 hxg4 28.hxg4 Nh5
29.Rf2 Nf4 30.Bd2 Nd3 31.Rh2 Nb2 32.Qe1 Rxa4 33.Rb1 Qb5 34.Qh4 Rc1+ 35.Rxc1
{#r} 1-0

[Event "It"]
[Site "masterchessopen.com - Nethanya (Israel)"]
[Round "0"]
[White "Hamann Svend (DEN)"]
[Black "Kraidman Yair (ISR)"]
[Result "0-1"]
[WhiteElo "2298"]
[BlackElo "2267"]

1.d4 Nf6 2.c4 c5 3.d5 e6 4.Nc3 exd5 5.cxd5 d6 6.Nf3 g6 7.e4 Bg7 8.Be2 O-O
9.O-O Re8 10.Nd2 Na6 11.f3 Nc7 12.a4 Nd7 13.Nc4 Ne5 14.Ne3 f5 15.exf5 gxf5
16.f4 Nf7 17.Bd3 Qf6 18.Qc2 Nh6 19.Rf3 Bd7 20.Bd2 Re7 21.Ncd1 Rae8 22.Bc3 Qh4
23.Rg3 Qxf4 24.Nf2 Kh8 25.Nh3 Qh4 26.Bxf5 Nxd5 27.Rxg7 Rxg7 28.Bxg7+ Kxg7
29.Bxd7 Rxe3 30.Qd2 Qe7 31.Rd1 Re2 32.Qg5+ Qxg5 33.Nxg5 Ne3 34.Ne6+ Kg8 35.Rd3
Rxg2+ 36.Kh1 Nhg4 {#R} 0-1

[Event "Ch Commonwealth"]
[Site "masterchessopen.com - New Delhi (India)"]
[Date "2007.12.08"]
[Round "8"]
[White "Sahajasri (IND)"]
[Black "Gowtham T (IND)"]
[Result "0-1"]
[WhiteElo "1928"]
[BlackElo "2159"]

1.d4 Nf6 2.c4 c5 3.d5 e6 4.Nc3 exd5 5.cxd5 d6 6.e4 g6 7.Nf3 Bg7 8.Be2 O-O
9.O-O Re8 10.Nd2 Na6 11.f3 Nc7 12.a4 b6 13.Nc4 Ba6 14.Bg5 h6 15.Be3 Qe7 16.Qd2
Kh7 17.Rfe1 Nh5 18.Bf2 Qf8 19.Rad1 Rad8 20.Bd3 Kg8 21.Ne2 Bc8 22.Ng3 Nf6 23.h3
Bd7 24.Ra1 h5 25.Be3 h4 26.Ne2 Nh7 27.f4 f5 28.exf5 gxf5 29.Bc2 Nf6 30.Nc3 Nh5
31.Bd1 Ng3 32.Bf2 Rxe1+ 33.Qxe1 Re8 34.Qd2 Bd4 35.Bf3 Qe7 36.Bxd4 cxd4 37.Qxd4
b5 38.axb5 Nxb5 39.Nxb5 Bxb5 40.Na3 Be2 41.Re1 Qf7 42.Qd2 Bxf3 43.Rxe8+ Qxe8
44.gxf3 Qg6 45.Qg2 Qf7 46.Qd2 Qg7 47.Kf2 Nh5 48.Kf1 Kh7 49.Qg2 Ng3+ 50.Kg1
Qd4+ 51.Qf2 {#R} 0-1

[Event "It"]
[Site "masterchessopen.com - New York (USA)"]
[Round "5"]
[White "Burger Karl (USA)"]
[Black "Quinteros Miguel A (ARG)"]
[Result "0-1"]
[WhiteElo "2360"]
[BlackElo "2500"]

1.d4 Nf6 2.c4 e6 3.Nf3 c5 4.d5 exd5 5.cxd5 d6 6.Nc3 g6 7.e4 Bg7 8.Be2 O-O
9.O-O Re8 10.Nd2 Na6 11.f3 Nc7 12.a4 b6 13.Nc4 Ba6 14.Bg5 Qd7 15.Kh1 Rab8
16.b3 Nh5 17.Bd2 Nf4 18.Bxf4 Bxc4 19.bxc4 Bxc3 20.Ra3 Bd4 21.Qe1 Qe7 22.Bd3
Na6 23.Qg3 Red8 24.Bg5 Bf6 25.h4 Bxg5 26.hxg5 f6 27.gxf6 Qxf6 28.f4 Re8 29.Bb1
Re7 30.Re3 Rf8 31.Ref3 Qg7 32.Qg5 Nc7 33.e5 Ne8 34.e6 Qf6 35.Qh6 Qd4 36.Bd3
Nf6 37.Qg5 Rg7 38.Re1 Re8 39.Ref1 Ne4 40.Qh4 Nd2 41.Rh3 Nxf1 42.Bxf1 Qa1
43.Rf3 Qxa4 44.g4 Qd1 45.Kg2 Qd4 46.Bd3 a5 47.f5 gxf5 48.Bxf5 Qxc4 49.e7 Qe2+
50.Rf2 Qxe7 51.Be6+ Kh8 {#R} 0-1

[Event "Ch USA (juniors) (under 20)"]
[Site "masterchessopen.com - New York (USA)"]
[Date "1983.06.22"]
[Round "8"]
[White "Dlugy Maxim (USA)"]
[Black "Rachels Stuart (USA)"]
[Result "1-0"]
[WhiteElo "2455"]
[BlackElo "2485"]

1.d4 Nf6 2.c4 c5 3.d5 e6 4.Nc3 exd5 5.cxd5 d6 6.e4 g6 7.Nf3 Bg7 8.Nd2 O-O
9.Be2 Re8 10.O-O Na6 11.f3 Nc7 12.a4 b6 13.Nc4 Ba6 14.Bg5 Bxc4 15.Bxc4 a6
16.Qd3 h6 17.Bd2 Nd7 18.f4 Kh7 19.e5 dxe5 20.d6 Ne6 21.f5 Nf4 22.Bxf4 exf4
23.Bxf7 Re3 24.fxg6+ Kh8 25.Qf5 Ne5 26.Nd5 Qxd6 27.Rad1 Re2 28.Nxf4 Rd2
29.Rxd2 Qxd2 30.Ne6 Qd6 31.g4 Nc6 32.g5 Nd4 33.Qe4 Nxe6 34.Qxa8+ Nf8 35.gxh6
Bxh6 36.Qd5 Qe7 37.Qf5 Kg7 38.Bc4 Be3+ 39.Kh1 Nxg6 40.Qf7+ Qxf7 41.Rxf7+ Kh6
42.Bxa6 Bd4 43.b3 Ne5 44.Rb7 Kg5 45.Bc4 {#r} 1-0

[Event "It (open)"]
[Site "masterchessopen.com - New York (USA)"]
[Round "0"]
[White "Zaltsman Vitaly F (USA)"]
[Black "Hulak Krunoslav (CRO)"]
[Result "1-0"]
[WhiteElo "2420"]
[BlackElo "2550"]

1.d4 Nf6 2.c4 c5 3.d5 e6 4.Nc3 exd5 5.cxd5 d6 6.Nf3 g6 7.Nd2 Bg7 8.e4 O-O
9.Be2 Na6 10.O-O Re8 11.f3 Nc7 12.a4 b6 13.Kh1 Qd7 14.Nc4 Ba6 15.Bg5 Bxc4
16.Bxc4 a6 17.Qe2 Qc8 18.Bf4 Bf8 19.Rab1 Rb8 20.Rfd1 Nh5 21.Bd2 f5 22.b4 fxe4
23.Nxe4 b5 24.axb5 axb5 25.Ba2 Ra8 26.Bc3 cxb4 27.Bd4 Be7 28.Rdc1 Qd7 29.Bb3
Rf8 30.Rc6 Nf4 31.Qc2 Ne8 32.Rc1 Qf5 33.Bb2 g5 34.h3 Rd8 35.Qd2 Nxh3 36.Bc2
Qf7 37.gxh3 Qxf3+ 38.Qg2 b3 39.Bb1 Qf4 40.Rg1 h6 41.Rcc1 Ng7 42.Rgf1 Qh4
43.Qg4 Rxf1+ 44.Rxf1 Rf8 45.Rxf8+ Kxf8 46.Qxh4 gxh4 47.Kg2 Ne8 48.Nd2 Bf6
49.Ba3 b2 50.Bb4 Ke7 51.Ba5 Bg5 52.Ne4 Nf6 53.Nxf6 Bxf6 54.Kf3 Bd4 55.Ke4 Bf6
56.Kf5 Kf7 57.Bd2 Bg7 58.Bf4 Ke7 59.Kg6 Bc3 60.Bxh6 {#r} 1-0

[Event "Ch England (active)"]
[Site "masterchessopen.com - Newport Pagnell (England)"]
[Date "2010.10.10"]
[Round "1"]
[White "Taylor Mark V (ENG)"]
[Black "Rudd Jack (ENG)"]
[Result "0-1"]
[WhiteElo "2128"]
[BlackElo "2251"]

1.d4 Nf6 2.c4 c5 3.d5 e6 4.Nc3 exd5 5.cxd5 d6 6.e4 g6 7.Be2 Bg7 8.Nf3 O-O
9.O-O Re8 10.Nd2 Na6 11.f3 Nc7 12.a4 b6 13.Nc4 Ba6 14.Bg5 h6 15.Be3 Rb8 16.Qd2
Kh7 17.Rab1 Bxc4 18.Bxc4 a6 19.b4 b5 20.Bd3 c4 21.Bc2 Nd7 22.Ne2 Ne5 23.Nd4
Ra8 24.a5 Rc8 25.Qc3 Qh4 26.Bf2 Qf6 27.Rbd1 Qe7 28.Bg3 h5 29.f4 Ng4 30.Qf3
Nxd5 31.exd5 Qe3+ 32.Qxe3 Nxe3 33.Bb1 Nxd1 34.Rxd1 Bxd4+ 35.Rxd4 c3 {#R} 0-1

[Event "Ch DDR (w)"]
[Site "masterchessopen.com - Nordhausen (Germany)"]
[Round "5"]
[White "Goehler Antje (GER)"]
[Black "Wolf Sylvia (GER)"]
[Result "1-0"]
[WhiteElo "2134"]
[BlackElo "2073"]

1.d4 Nf6 2.c4 e6 3.Nc3 c5 4.d5 exd5 5.cxd5 d6 6.e4 g6 7.Nf3 Bg7 8.Be2 O-O
9.O-O Re8 10.Nd2 Na6 11.f3 Nc7 12.a4 Qe7 13.Nc4 Nd7 14.Kh1 f5 15.Re1 Ne5
16.Bf4 g5 17.Bxe5 Bxe5 18.Nxe5 Qxe5 19.Bb5 Re7 20.exf5 Qxe1+ 21.Qxe1 Rxe1+
22.Rxe1 Bxf5 23.Re7 a6 24.Rxc7 axb5 25.Nxb5 Rxa4 26.g4 Bd3 27.Nxd6 Be2 28.Kg2
Rf4 29.Rc8+ Kg7 30.Rxc5 Bxf3+ 31.Kg3 Bh1 32.h3 Rb4 33.Rc7+ Kf6 34.Ne8+ Ke5
35.d6 Bc6 36.Re7+ Kd4 37.d7 Rb3+ 38.Kf2 Rxb2+ 39.Ke1 Bxd7 40.Rxd7+ Ke3 41.Kd1
h6 42.Nd6 b5 43.Nf5+ Ke4 44.Nxh6 Ke5 45.Rd3 Ke4 46.Rd2 Rb1+ 47.Kc2 Rh1 48.Nf7
Kf4 49.Rd4+ Ke3 50.Rb4 Rh2+ 51.Kb1 Rh1+ 52.Ka2 Rh2+ 53.Ka3 Kf3 54.Nxg5+ Kg3
55.Rxb5 Kf4 56.Rf5+ Kg3 57.Kb4 Rc2 58.Rc5 Re2 59.Kc4 Kh4 60.Kd4 Re7 61.Re5
{#r} 1-0